000
00284nam a22001217a 4500
040
_c
HS
082
_a
565
100
_a
NA
245
_a
កម្មវិធីព្រៃឈើជាតិ ២០១០-២០២៩
260
_a
Cambodia
_b
NA
_c
2029
300
_a
164p;
942
_c
KB
999
_c
9281
_d
9281